Central Library OPAC University of Rajshahi

Introduction to the theory of linear differential equations / (Record no. 6623)

MARC details
000 -LEADER
fixed length control field 00753nam a2200241 a 4500
001 - CONTROL NUMBER
control field 6623
003 - CONTROL NUMBER IDENTIFIER
rucl marc code BD-RjUL
005 - DATE AND TIME OF LATEST TRANSACTION
control field 20211208234300.0
008 - FIXED-LENGTH DATA ELEMENTS--GENERAL INFORMATION
fixed length control field 14 t1936 nyua b 001 0 eng d
035 ## - SYSTEM CONTROL NUMBER
System control number (BD-RjUL)6664
040 ## - CATALOGING SOURCE
Original cataloging agency DLC
Transcribing agency YNG/OCL/EUX
Language of cataloging eng
Modifying agency BD-RjUL
041 ## - LANGUAGE CODE
Language code of text/sound track or separate title eng
082 04 - DEWEY DECIMAL CLASSIFICATION NUMBER
Classification number 517.38
Edition number 16
Author mark and year POI 1936
100 1# - MAIN ENTRY--PERSONAL NAME
Personal name Poole, Edgar Girard Croker,
Dates associated with a name 1891-1940.
9 (RLIN) 20826
245 10 - TITLE STATEMENT
Title Introduction to the theory of linear differential equations /
Statement of responsibility, etc. by E. G. C. Poole
260 ## - PUBLICATION, DISTRIBUTION, ETC. (IMPRINT)
Place of publication, distribution, etc. New York :
Name of publisher, distributor, etc. Dover,
Date of publication, distribution, etc. 1936.
300 ## - PHYSICAL DESCRIPTION
Pagination viii, 202 p. :
Illustrations diagrs ;
Size 25 cm.
504 ## - BIBLIOGRAPHY, ETC. NOTE
Bibliography, etc Includes Bibliographical reference and index.
650 #0 - SUBJECT ADDED ENTRY--TOPICAL TERM
Topical term or geographic name as entry element Differential equations, Linear
9 (RLIN) 19816
942 ## - ADDED ENTRY ELEMENTS (KOHA)
Source of classification or shelving scheme Dewey Decimal Classification
Koha item type Books
Holdings
Lost status Source of classification or shelving scheme Damaged status Not for loan Collection code Permanent Location Current Location Shelving location Date acquired Source of acquisition Cost, normal purchase price Total Checkouts Full call number Date last seen Copy number Koha item type
  Dewey Decimal Classification   Not For Loan Non-fiction Central Library, University of Rajshahi Central Library, University of Rajshahi   15/11/1965 Zeit 14.00   517.38 POI 1936 11/01/2014 C-1 Books